[Event "the second english slow knockout"]
[Site "SchemingMind.com"]
[Date "2017.12.15"]
[Round "-"]
[White "John Hamer"]
[Black "nikita68"]
[Result "1/2-1/2"]
[WhiteCountry "ENG"]
[BlackCountry "RUS"]
[WhiteElo "2041"]
[WhiteRD "66"]
[BlackElo "2339"]
[BlackRD "74"]
[GameID "421979"]

1. c4 e5 2. Nc3 Nf6 3. g3 Bb4 4. Bg2 O-O 5. Nf3 Nc6 6. O-O Re8 7. d3 Bxc3 8. bxc3 d6 9. Nd2 Bd7 10. Rb1 b6
11. Qc2 Qc8 12. Rd1 h6 13. Qb2 Rb8 14. Bf3 Ne7 15. Ne4 Nxe4 16. Bxe4 f5 17. Bg2 Rf8 18. Qb3 f4 19. gxf4 exf4 20. c5+ Be6
21. Qa4 dxc5 22. Bxf4 Bd5 23. Bxd5+ Nxd5 24. Bg3 Qe6 25. Qb3 Rbd8 26. e3 g5 27. e4 Nf4 28. Bxf4 Qxb3 29. axb3=
1/2-1/2

[Event "the second english slow knockout"]
[Site "SchemingMind.com"]
[Date "2018.01.03"]
[Round "-"]
[White "greghghs"]
[Black "Wojciech  Langer"]
[Result "1-0"]
[WhiteCountry "ENG"]
[BlackCountry "INT"]
[WhiteElo "2389"]
[WhiteRD "93"]
[BlackElo "1812"]
[BlackRD "89"]
[GameID "422789"]

1. c4 e5 2. Nc3 Nc6 3. g3 g6 4. Bg2 Nge7 5. Nf3 Bg7 6. O-O O-O 7. d3 d6 8. Rb1 Rb8 9. b4 Be6 10. e3 d5
11. Ng5 Qd7 12. Nxe6 fxe6 13. b5 Nd8 14. cxd5 exd5 15. Nxd5 Nxd5 16. Qb3 c6 17. bxc6 Nxc6 18. Qxd5+ Qxd5 19. Bxd5+ Kh8 20. Ba3 Rfd8
21. Be4 Na5 22. Rfc1 Bf8 23. Bxf8 Rxf8 24. Rc5 Nc6 25. Bxc6 bxc6 26. Rxb8 Rxb8 27. Rxe5
1-0

[Event "the second english slow knockout"]
[Site "SchemingMind.com"]
[Date "2018.01.03"]
[Round "-"]
[White "Wojciech  Langer"]
[Black "greghghs"]
[Result "0-1"]
[WhiteCountry "INT"]
[BlackCountry "ENG"]
[WhiteElo "1812"]
[WhiteRD "89"]
[BlackElo "2389"]
[BlackRD "93"]
[GameID "422790"]

1. c4 c6 2. Nc3 d5 3. cxd5 cxd5 4. d4 Nc6 5. Nf3 Nf6 6. Bf4 a6 7. h3 Bf5 8. e3 e6 9. Be2 Bd6 10. Bg5 h6
11. Bxf6 Qxf6 12. a3 O-O 13. Bd3 Rac8 14. Qd2 Na5 15. Rb1 Nc4 16. Qe2 Nxb2 17. Rxb2 Rxc3 18. Bxf5 Rc1+ 19. Kd2 Rxh1 20. Bc2 Qe7
0-1

[Event "the second english slow knockout"]
[Site "SchemingMind.com"]
[Date "2018.01.05"]
[Round "-"]
[White "William Lindberg"]
[Black "TheHornedReaper "]
[Result "1-0"]
[WhiteCountry "USA"]
[BlackCountry "ROU"]
[WhiteElo "2460"]
[WhiteRD "67"]
[BlackElo "1246"]
[BlackRD "49"]
[GameID "422846"]

1. c4 e5 2. Nc3 Nf6 3. Nf3 Nc6 4. g3 Bb4 5. Bg2 O-O 6. O-O d6 7. d3 Bg4 8. h3 Bxf3 9. Bxf3 Rb8 10. Nd5 Nxd5
11. cxd5 Nd4 12. Bg2 Bc5 13. g4 f5 14. e3 Nb5 15. a4 fxg4 16. axb5 gxh3 17. Bxh3
1-0

[Event "the second english slow knockout"]
[Site "SchemingMind.com"]
[Date "2018.01.26"]
[Round "-"]
[White "John Willis"]
[Black "greghghs"]
[Result "0-1"]
[WhiteCountry "USA"]
[BlackCountry "ENG"]
[WhiteElo "1526"]
[WhiteRD "116"]
[BlackElo "2414"]
[BlackRD "90"]
[GameID "423864"]

1. c4 e5 2. g3 Nf6 3. Bg2 c6 4. d4 Bb4+ 5. Nc3 Qa5 6. dxe5 Bxc3+ 7. bxc3 Qxc3+ 8. Bd2 Qxe5 9. Nf3 Qc5 10. Rc1 O-O
11. O-O Re8 12. Be3 Qe7 13. Nd2 d5 14. h3 Bf5 15. c5 Nbd7 16. Re1 Ne4 17. g4 Bg6 18. Nxe4 Bxe4 19. f3 Bc2 20. Qxc2 Qxe3+
21. Kf1 Ne5 22. Qc3 Qf4 23. Red1 Nc4 24. Rd4 Ne3+ 25. Kf2 Qh2 26. Rg1 Nxg2 27. Rxg2 Rxe2+ 28. Kxe2 Qxg2+ 29. Ke3 Re8+ 30. Kf4 Qh2+
31. Kg5 Re5+ 32. Kh4 Qf2#
0-1

[Event "the second english slow knockout"]
[Site "SchemingMind.com"]
[Date "2018.01.26"]
[Round "-"]
[White "greghghs"]
[Black "John Willis"]
[Result "1-0"]
[WhiteCountry "ENG"]
[BlackCountry "USA"]
[WhiteElo "2414"]
[WhiteRD "90"]
[BlackElo "1526"]
[BlackRD "116"]
[GameID "423865"]

1. c4 Nf6 2. d4 e6 3. Nc3 Bb4 4. e3 O-O 5. Bd3 d5 6. Nf3 c5 7. O-O Nc6 8. a3 Bxc3 9. bxc3 Qc7 10. h3 Na5
11. cxd5 exd5 12. Ne5 c4 13. Bc2 Ne4 14. f3 Nxc3 15. Qe1 Nb5 16. Qh4 h6 17. a4 Nd6 18. Ba3 Nb3 19. Bxb3 cxb3 20. Rfc1 Qd8
21. Qxd8 Rxd8 22. Rab1 b5 23. Nc6 Rd7 24. Bxd6 Kh7 25. Nxa7 Rdxa7 26. axb5 b2 27. Rxb2 Ra1 28. Rxa1 Rxa1+ 29. Kf2 Kg6 30. Rc2 Ra8
31. Rc7 Kf6 32. b6 Ke6 33. Rxc8 Ra2+ 34. Kg3 Rb2 35. Bc5 f5 36. Rc6+ Kf7 37. Rc7+ Kg6 38. b7 Kh5 39. Ba7
1-0

[Event "the second english slow knockout"]
[Site "SchemingMind.com"]
[Date "2018.03.06"]
[Round "-"]
[White "Omahony"]
[Black "frankly"]
[Result "0-1"]
[WhiteCountry "ENG"]
[BlackCountry "ENG"]
[WhiteElo "1797"]
[WhiteRD "68"]
[BlackElo "2633"]
[BlackRD "68"]
[GameID "425549"]

1. c4 e5 2. d3 Nf6 3. Nc3 d5 4. b3 d4 5. Nb5 a6 6. Na3 Bb4+ 7. Bd2 Bxa3 8. g3 Qe7 9. Bg2 e4 10. dxe4 Nxe4
11. Nf3 Nc3 12. Bxc3 dxc3 13. O-O O-O 14. Qc2 Qf6 15. Rfe1 Nc6 16. e4 Nb4 17. Qe2 c2 18. e5 Qh6 19. Nd2 Bb2 20. a3 Bxa1
21. Rxa1 Bg4 22. f3 Rfd8 23. axb4 Qxd2
0-1

[Event "the second english slow knockout"]
[Site "SchemingMind.com"]
[Date "2018.03.07"]
[Round "-"]
[White "frankly"]
[Black "Omahony"]
[Result "1-0"]
[WhiteCountry "ENG"]
[BlackCountry "ENG"]
[WhiteElo "2633"]
[WhiteRD "68"]
[BlackElo "1797"]
[BlackRD "68"]
[GameID "425550"]

1. c4 c6 2. Nf3 d5 3. e3 e6 4. b3 Nf6 5. d4 Bd6 6. Bb2 Nbd7 7. Nbd2 O-O 8. Qc2 Qe7 9. Bd3 Re8 10. O-O e5
11. e4 dxe4 12. Nxe4 exd4 13. Rfe1 h6 14. Nxf6+ Qxf6 15. Rxe8+
1-0

[Event "the second english slow knockout"]
[Site "SchemingMind.com"]
[Date "2018.03.12"]
[Round "-"]
[White "Jari Laine"]
[Black "Thomas Jacob Kelly"]
[Result "1-0"]
[WhiteCountry "FIN"]
[BlackCountry "USA"]
[WhiteElo "2476"]
[WhiteRD "83"]
[BlackElo "1729"]
[BlackRD "75"]
[GameID "425727"]

1. c4 d5 2. cxd5 Qxd5 3. Nc3 Qa5 4. Nf3 e5 5. g3 Nf6 6. Bg2 c6 7. O-O Bf5 8. Qb3 Nfd7 9. Qxb7 Nb6 10. d4 Bd6
11. Nxe5 Bxe5 12. dxe5 Qxe5 13. Bf4
1-0

[Event "the second english slow knockout"]
[Site "SchemingMind.com"]
[Date "2018.03.12"]
[Round "-"]
[White "Thomas Jacob Kelly"]
[Black "Jari Laine"]
[Result "0-1"]
[WhiteCountry "USA"]
[BlackCountry "FIN"]
[WhiteElo "1705"]
[WhiteRD "75"]
[BlackElo "2497"]
[BlackRD "79"]
[GameID "425728"]

1. c4 Nf6 2. d4 g6 3. Nc3 d5 4. cxd5 Nxd5 5. e4 Nxc3 6. bxc3 Bg7 7. Nf3 c5 8. Bb2 O-O 9. Bc4 Bg4 10. d5 Qa5
11. Kd2 b5 12. Bb3 c4 13. Qc2 Nd7 14. Bxc4 bxc4 15. a4 f5 16. h3 fxe4 17. Qxe4 Qb6 18. Kc1 Bh6+ 19. Kb1 Rab8 20. Ra2 Bf5
0-1

[Event "the second english slow knockout"]
[Site "SchemingMind.com"]
[Date "2018.04.10"]
[Round "-"]
[White "frankly"]
[Black "nikita68"]
[Result "1-0"]
[WhiteCountry "ENG"]
[BlackCountry "RUS"]
[WhiteElo "2583"]
[WhiteRD "67"]
[BlackElo "2369"]
[BlackRD "88"]
[GameID "426719"]

1. c4 e5 2. Nc3 Nc6 3. g3 g6 4. Bg2 Bg7 5. e3 d6 6. Nge2 Nge7 7. d3 h5 8. h3 Be6 9. Nd5 Qd7 10. Qa4 a6
11. Bd2 O-O 12. Nxe7+ Qxe7 13. Bxc6 bxc6 14. Qxc6 Rab8 15. b3 Rb6 16. Qg2 f5 17. O-O Qd7 18. Kh2 Rd8 19. d4 e4 20. Rac1 Qe7
21. Ba5 Rb7 22. h4 Bf7 23. Nf4 Rc8 24. d5 c5 25. Rfe1 Be5 26. Qf1 Rf8 27. Kg2 Kh7 28. Qe2 Qf6 29. Nh3 Kg8 30. Qd2 Rfb8
31. Ng5 Be8 32. Rb1 Bd7 33. Rec1 Kg7 34. b4 Kg8 35. Qe1 cxb4 36. Rxb4 Rxb4 37. Bxb4 Rc8 38. c5 dxc5 39. Rxc5 Rxc5 40. Bxc5 Bd6
41. Qb4 Bxc5 42. Qxc5 Qe5 43. Qb6
1-0

[Event "the second english slow knockout"]
[Site "SchemingMind.com"]
[Date "2018.04.10"]
[Round "-"]
[White "nikita68"]
[Black "frankly"]
[Result "0-1"]
[WhiteCountry "RUS"]
[BlackCountry "ENG"]
[WhiteElo "2338"]
[WhiteRD "85"]
[BlackElo "2607"]
[BlackRD "70"]
[GameID "426720"]

1. c4 e5 2. Nc3 Nf6 3. g3 Bb4 4. Bg2 O-O 5. e4 Bxc3 6. bxc3 c6 7. d3 d5 8. cxd5 cxd5 9. exd5 Nxd5 10. Bb2 Re8
11. Nf3 e4 12. dxe4 Rxe4+ 13. Kf1 Nc6 14. Ng5 Qxg5 15. Bxe4 Bh3+ 16. Kg1 Rd8 17. Qc2 Ne5 18. c4 Nb4
0-1

[Event "the second english slow knockout"]
[Site "SchemingMind.com"]
[Date "2018.04.26"]
[Round "-"]
[White "fu_manchu"]
[Black "William Lindberg"]
[Result "0-1"]
[WhiteCountry "CAN"]
[BlackCountry "USA"]
[WhiteElo "1809"]
[WhiteRD "76"]
[BlackElo "2472"]
[BlackRD "64"]
[GameID "427582"]

1. c4 e5 2. g3 Nf6 3. Bg2 Bc5 4. Nc3 Bd4 5. e3 Bxc3 6. bxc3 O-O 7. e4 d6 8. d4 Nc6 9. d5 Na5 10. Qd3 b6
11. Bg5 c6 12. Nf3 Ba6 13. Nd2 cxd5 14. exd5 h6 15. Bxf6 Qxf6 16. O-O Nxc4 17. Rfb1 Rac8 18. Nxc4 Bxc4 19. Qc2 Rc5 20. Rd1 Qg5
21. Qa4 Qe7 22. Qc2 f5 23. Qd2 e4 24. Qd4 Rfc8 25. Bh3 Rxd5 26. Qe3 Bd3 27. Qe1 Qe5 28. Rac1 Rdc5 29. Bf1 Rxc3 30. Bxd3 exd3
31. Rxc3 Rxc3
0-1

[Event "the second english slow knockout"]
[Site "SchemingMind.com"]
[Date "2018.04.27"]
[Round "-"]
[White "William Lindberg"]
[Black "fu_manchu"]
[Result "1-0"]
[WhiteCountry "USA"]
[BlackCountry "CAN"]
[WhiteElo "2510"]
[WhiteRD "65"]
[BlackElo "1812"]
[BlackRD "80"]
[GameID "427583"]

1. c4 Nf6 2. d4 e6 3. Nf3 b6 4. g3 Bb7 5. Bg2 Be7 6. O-O O-O 7. Nc3 c5 8. d5 exd5 9. cxd5 d6 10. e4 Nbd7
11. Re1 Ng4 12. h3 Nge5 13. Nxe5 Nxe5 14. f4 Ng6 15. e5 dxe5 16. f5 Nh8 17. d6 Bxg2 18. dxe7 Qxe7 19. Kxg2 f6 20. Be3 Nf7
21. Qf3 Rad8 22. Rad1 Nd6 23. g4 e4 24. Qf1 Nf7 25. Nd5 Qb7 26. Qc4 Rfe8 27. Bf4 Kh8 28. Rxe4 Ne5 29. Bxe5 fxe5 30. Ree1 Re7
31. h4 Rde8 32. Qc3 Qc6 33. Kh3 Rd7 34. Rxe5 Rxe5 35. Qxe5 Rd8 36. Qe6 h6 37. Qxc6
1-0

[Event "the second english slow knockout"]
[Site "SchemingMind.com"]
[Date "2018.05.27"]
[Round "-"]
[White "Robert Bruce"]
[Black "Jari Laine"]
[Result "0-1"]
[WhiteCountry "SCO"]
[BlackCountry "FIN"]
[WhiteElo "2322"]
[WhiteRD "69"]
[BlackElo "2505"]
[BlackRD "74"]
[GameID "428575"]

1. c4 Nf6 2. g3 g6 3. Bg2 Bg7 4. Nc3 O-O 5. e4 d6 6. Nge2 c5 7. O-O Nc6 8. d3 a6 9. h3 Rb8 10. a4 Ne8
11. Be3 e5 12. Rb1 Nc7 13. Bd2 b5 14. b3 Bd7 15. f4 exf4 16. Bxf4 Ne5 17. axb5 axb5 18. Qd2 Ne6 19. Be3 bxc4 20. bxc4 Rxb1
21. Rxb1 Qa5 22. Kh1 h5 23. Bg1 Ra8 24. Bf2 Nc6 25. Be1 Ned4 26. Nf4 Be5 27. Qf2 Nb4 28. Bd2 Bc6 29. Ncd5 Bxd5 30. Nxd5 Qa2
31. Ne7+ Kg7 32. Rf1 f6 33. Nd5 Nxd5 34. cxd5 Ra3 35. h4 Nb3 36. Be3 Qxf2 37. Bxf2 Nd4 38. Bxd4 Bxd4 39. Rf3 g5 40. e5 g4
41. Rf5 Bxe5 42. Be4 Kh6 43. Rf1 c4 44. dxc4 Re3 45. Bb1 Rxg3 46. c5 Rh3+ 47. Kg1 Bd4+ 48. Kg2 Rb3 49. Be4 Rb2+ 50. Kh1 g3
51. Bg2 dxc5 52. Rd1 f5 53. Rf1 c4
0-1

[Event "the second english slow knockout"]
[Site "SchemingMind.com"]
[Date "2018.05.27"]
[Round "-"]
[White "Jari Laine"]
[Black "Robert Bruce"]
[Result "1-0"]
[WhiteCountry "FIN"]
[BlackCountry "SCO"]
[WhiteElo "2506"]
[WhiteRD "72"]
[BlackElo "2336"]
[BlackRD "68"]
[GameID "428576"]

1. c4 c5 2. Nf3 b6 3. Nc3 Nf6 4. e4 d6 5. d4 cxd4 6. Nxd4 g6 7. g3 Bg7 8. Bg2 Bb7 9. O-O Qd7 10. b3 O-O
11. Bb2 Re8 12. f4 Ng4 13. Qd2 Nc6 14. Nc2 e5 15. h3 Nf6 16. Rad1 Nd4 17. fxe5 dxe5 18. g4 Rad8 19. Nd5 Nxd5 20. exd5 Nxc2
21. Qxc2 Qe7 22. a4 Bc8 23. d6 Qh4 24. b4 h5 25. gxh5 Qxh5 26. Qc3 Bf5 27. c5 Bf8 28. a5 f6 29. Qg3 Kh8 30. Kh2 Rd7
31. Bf3 Qh7 32. Bc6 Red8 33. Bxd7 Rxd7 34. Bc1 Qh5 35. Rd2 Kg7 36. Rdf2 Kh8 37. Rxf5 gxf5 38. Rg1 Qh7 39. Qf3 Rd8 40. Qd5 f4
41. Rg2 Rd7 42. Qa8 Qh6 43. Qe8 Rh7 44. Kg1 bxc5 45. bxc5
1-0

[Event "the second english slow knockout"]
[Site "SchemingMind.com"]
[Date "2018.08.26"]
[Round "-"]
[White "anne"]
[Black "William Lindberg"]
[Result "0-1"]
[WhiteCountry "GER"]
[BlackCountry "USA"]
[WhiteElo "1997"]
[WhiteRD "85"]
[BlackElo "2503"]
[BlackRD "67"]
[GameID "431597"]

1. c4 e5 2. Nc3 Nf6 3. Nf3 Nc6 4. e4 Bb4 5. d3 d6 6. Be2 O-O 7. O-O a5 8. Bg5 h6 9. Bh4 Bg4 10. Nb5 Bxf3
11. Bxf3 g5 12. Bg3 Bc5 13. Qd2 Nd4 14. Nxd4 Bxd4 15. a4 Kh7 16. Kh1 Rg8 17. Rab1 b6 18. Qd1 Qd7 19. h3 Rg7 20. Re1 Rg6
21. Rf1 h5 22. Be2 Rag8 23. Bh2 g4 24. h4 Ne8 25. Qc1 Ng7 26. f4 f5 27. Bg3 Rf8 28. b4 axb4 29. Rxb4 Qe7
0-1

[Event "the second english slow knockout"]
[Site "SchemingMind.com"]
[Date "2018.08.26"]
[Round "-"]
[White "William Lindberg"]
[Black "anne"]
[Result "1-0"]
[WhiteCountry "USA"]
[BlackCountry "GER"]
[WhiteElo "2503"]
[WhiteRD "67"]
[BlackElo "1997"]
[BlackRD "85"]
[GameID "431598"]

1. c4 e5 2. g3 Nf6 3. Bg2 Nc6 4. Nc3 Bc5 5. e3 O-O 6. Nge2 d6 7. O-O Bf5 8. d4 Bb6 9. h3 Re8 10. d5 Nb8
11. g4 Bg6 12. Na4 Na6 13. Nxb6 axb6 14. f3 h5 15. e4 Nh7 16. Be3 Qh4 17. Bf2 Qe7 18. Kh2 c5 19. a3 Nc7 20. Nc3 Ng5
21. Rg1 Rad8 22. h4 Nh7 23. Bh3 Ra8 24. Qe2 Ra5 25. Raf1 Nf6 26. Be3 Rea8 27. Bg5 Nce8 28. gxh5 Nxh5 29. Bg4
1-0

[Event "the second english slow knockout"]
[Site "SchemingMind.com"]
[Date "2018.08.27"]
[Round "-"]
[White "frankly"]
[Black "greghghs"]
[Result "1-0"]
[WhiteCountry "ENG"]
[BlackCountry "ENG"]
[WhiteElo "2593"]
[WhiteRD "63"]
[BlackElo "2387"]
[BlackRD "96"]
[GameID "431752"]

1. c4 c6 2. Nf3 d5 3. d4 Nf6 4. Nc3 dxc4 5. a4 Bf5 6. Ne5 Nbd7 7. Nxc4 Nb6 8. Ne5 a5 9. f3 Nfd7 10. Nxd7 Nxd7
11. e4 Bg6 12. Be2 e6 13. O-O Bb4 14. Be3 O-O 15. Qb3 Qc7 16. Rac1 Rad8 17. Bf2 Qb8 18. Rfd1 Rfe8 19. Bc4 Qc7 20. Kh1 h6
21. Bg3 Qb6 22. Ne2 Bh7 23. Nf4 Be7 24. Qc3 Bb4 25. Qc2 Be7 26. Bf2 Qc7 27. Nd3 Nb6 28. Bb3 Nd7 29. Bg3 Qb6 30. Qc3 Bg5
31. Ra1 Bf6 32. Bf2 Qc7 33. Rac1 Bg5 34. Rb1 Be7 35. Be1 Ra8 36. Bg3 Qb6 37. Bf2 Qc7 38. g3 Rad8 39. Qe1 Ra8 40. Kg2 Red8
41. Rbc1 Qb8 42. Be3 Bf6 43. Qe2 Qc7 44. Nf2 Bg6 45. d5 exd5 46. Rxd5 Nf8 47. Rdd1 Rxd1 48. Rxd1 Rd8 49. Rxd8 Bxd8 50. Qc2 Nd7
51. f4 Bh7 52. Qd3 Nf6 53. f5 Be7 54. Bd4 Kf8 55. Qc4 Bg8 56. e5 Nd5 57. Qd3 Bh7 58. Qe4 f6 59. e6 Nb4 60. g4 Qd6
61. h3 b5 62. Be3 bxa4 63. Bxa4 h5 64. Bb6 hxg4 65. hxg4 g6 66. Bxa5 Nd5 67. Bd2 Bd8 68. fxg6
1-0

[Event "the second english slow knockout"]
[Site "SchemingMind.com"]
[Date "2018.08.27"]
[Round "-"]
[White "greghghs"]
[Black "frankly"]
[Result "1/2-1/2"]
[WhiteCountry "ENG"]
[BlackCountry "ENG"]
[WhiteElo "2413"]
[WhiteRD "91"]
[BlackElo "2545"]
[BlackRD "65"]
[GameID "431753"]

1. c4 e5 2. Nc3 Nf6 3. g3 Bb4 4. Bg2 O-O 5. e4 Bxc3 6. dxc3 d6 7. Qe2 a6 8. Nf3 Nbd7 9. O-O Nc5 10. Nd2 b5
11. Rd1 Qe8 12. Nb3 Na4 13. cxb5 axb5 14. Bg5 Nd7 15. Qxb5 Nxb2 16. Rdb1 Na4 17. Qc6 Ra7 18. Be3 Ndb6 19. Qxe8 Rxe8 20. Rc1 f6
21. Bf1 Be6 22. Rc2 Rb8 23. Rd1 Raa8 24. c4 Nc8 25. f4 h6 26. fxe5 dxe5 27. c5 Kf7 28. Kg2 Ne7 29. c6 Rxb3 30. axb3 Bxb3
31. Rdd2 Bxc2 32. Rxc2 Nc8 33. Bc4+ Ke8 34. Bb3 Nd6 35. Ra2 Nb6 36. Rxa8+ Nxa8 37. Kf3 Nb6 38. Bc5 Nbc8 39. Ke3 Ne7 40. Bd5 Nf7
41. Bb4 Nd8 42. Ba5 Nexc6 43. Bxc7 Kd7 44. Bb6 Ne6 45. h4 Kd6 46. Kf3 Nc5 47. Bf7 Ke7 48. Bg6 Nd7 49. Bf2 Nd4+ 50. Ke3 Nc5
51. Kd2 Kd6=
1/2-1/2

[Event "the second english slow knockout"]
[Site "SchemingMind.com"]
[Date "2019.02.02"]
[Round "-"]
[White "Jari Laine"]
[Black "William Lindberg"]
[Result "1/2-1/2"]
[WhiteCountry "FIN"]
[BlackCountry "USA"]
[WhiteElo "2434"]
[WhiteRD "84"]
[BlackElo "2524"]
[BlackRD "72"]
[GameID "437924"]

1. c4 e5 2. Nc3 Nf6 3. Nf3 Nc6 4. d4 exd4 5. Nxd4 Bb4 6. Bg5 O-O 7. Rc1 h6 8. Bh4 Re8 9. Nxc6 bxc6 10. e3 Rb8
11. Bd3 Bxc3+ 12. Rxc3 Rxb2 13. Qa4 g5 14. Qa3 Rb7 15. Bg3 Qe7 16. Qxe7 Rxe7 17. Rb3 c5 18. Rxb7 Bxb7 19. Bxc7 Bxg2 20. Rg1 Be4
21. Be2 Re6 22. h4 Kh7 23. hxg5 Ne8 24. Bf4 Ra6 25. f3 Bg6 26. gxh6 Rxa2 27. e4 Ra1+ 28. Kf2 Rxg1 29. Kxg1 f5 30. exf5 Bxf5
31. Kf2 Nf6 32. Bd6 a5 33. Bxc5 Kxh6 34. Ke3 Bc2 35. Kd2 Bb3 36. Bd3 Kg7 37. Ba3 Kf7 38. f4 a4 39. Ke3 Ng4+ 40. Kd4 Ke6
41. Bc1=
1/2-1/2

[Event "the second english slow knockout"]
[Site "SchemingMind.com"]
[Date "2019.02.02"]
[Round "-"]
[White "William Lindberg"]
[Black "Jari Laine"]
[Result "0-1"]
[WhiteCountry "USA"]
[BlackCountry "FIN"]
[WhiteElo "2488"]
[WhiteRD "67"]
[BlackElo "2462"]
[BlackRD "86"]
[GameID "437925"]

1. c4 Nf6 2. d4 g6 3. Nc3 Bg7 4. e4 d6 5. h3 O-O 6. Nf3 e5 7. d5 Nh5 8. g3 Na6 9. Bg2 f5 10. O-O f4
11. g4 Nf6 12. g5 Nh5 13. b3 h6 14. gxh6 Bxh6 15. Ba3 Qe7 16. Kh2 g5 17. Rh1 Nf6 18. Kg1 Rf7 19. Kf1 Nc5 20. Bxc5 dxc5
21. Ke2 Bd7 22. Bf1 a6 23. a4 c6 24. Qc2 cxd5 25. Nxd5 Nxd5 26. cxd5 Rf6 27. a5 Rg6 28. Kd2 Bg7 29. Be2 Kf7 30. h4 g4
31. Ng5+ Kf6 32. Rag1 f3 33. Bc4 Bh6 34. Kc1 Kg7 35. Kb2 Bxg5 36. hxg5 Qxg5 37. Ka3 Qe7 38. Qc1 Rh8 39. Rxh8 Kxh8 40. Qe3 Kg7
41. Rh1 Bb5 42. Kb2 Bxc4 43. bxc4 Qg5 44. Qxg5 Rxg5 45. Kc3 g3 46. Kd2 g2 47. Rg1 Rh5 48. d6 Kf6 49. Ke3 Rh1 50. d7 Ke7
51. d8=Q+ Kxd8 52. Kxf3 Rxg1 53. Kg3 Ke7 54. f3 Rc1 55. Kxg2 Rxc4 56. f4 Rxe4 57. f5 Kf6 58. Kf3 Kxf5
0-1

[Event "the second english slow knockout"]
[Site "SchemingMind.com"]
[Date "2019.08.22"]
[Round "-"]
[White "frankly"]
[Black "Jari Laine"]
[Result "1-0"]
[WhiteCountry "ENG"]
[BlackCountry "FIN"]
[WhiteElo "2596"]
[WhiteRD "76"]
[BlackElo "2271"]
[BlackRD "96"]
[GameID "445006"]

1. c4 Nf6 2. d4 e6 3. Nf3 b6 4. g3 c6 5. Bg2 Be7 6. O-O Bb7 7. Nc3 d5 8. Nd2 O-O 9. e4 Na6 10. e5 Nd7
11. cxd5 cxd5 12. a3 Nc7 13. Re1 Nb8 14. Nf3 Nc6 15. h4 Ba6 16. Bg5 Qd7 17. Ne2 Rfc8 18. Bxe7 Nxe7 19. Nf4 Ne8 20. h5 h6
21. Bh3 Qc6 22. g4 Qc2 23. g5 Qxd1 24. Raxd1 Rc2 25. g6 Nc7 26. Rc1 Rxc1 27. Rxc1 Rc8 28. a4 Bb7 29. Nh4 Nc6 30. Ne2 Kf8
31. gxf7 Kxf7 32. Rc3 Nd8 33. Rf3+ Ke8 34. Rg3 Kf8 35. Ng6+ Ke8 36. Nef4 Bc6 37. Nh8 Kf8 38. Nfg6+ Ke8 39. b3 b5 40. a5 b4
41. Rf3 Kd7 42. Rf8 Nb7 43. Rf7+
1-0

[Event "the second english slow knockout"]
[Site "SchemingMind.com"]
[Date "2019.08.22"]
[Round "-"]
[White "Jari Laine"]
[Black "frankly"]
[Result "1/2-1/2"]
[WhiteCountry "FIN"]
[BlackCountry "ENG"]
[WhiteElo "2271"]
[WhiteRD "96"]
[BlackElo "2596"]
[BlackRD "76"]
[GameID "445007"]

1. c4 e5 2. g3 Nf6 3. Bg2 d5 4. cxd5 Nxd5 5. Nf3 Nc6 6. O-O Nb6 7. a3 Be7 8. d3 Be6 9. Nc3 O-O 10. b4 a5
11. b5 Nd4 12. Bb2 Nb3 13. Rb1 f6 14. Nd2 Nxd2 15. Qxd2 Nc4 16. Qc1 Nxb2 17. Qxb2 Rb8 18. Rfc1 f5 19. Na4 b6 20. Qxe5 Ba2
21. Qxc7 Bxb1 22. Qc4+ Kh8 23. Rxb1 Bxa3 24. e3 Bb4 25. h4 Bd6 26. Bc6 Qc7 27. Kg2 f4 28. exf4 Bxf4 29. Nc3 Bd6 30. Nd5 Qa7
31. Ra1 Rf5 32. f4 Rd8 33. Qe4 Rff8 34. Ra4 Rb8 35. g4 Qf7 36. h5 Rbd8 37. f5 Bb8 38. Rc4 Rd6 39. Nxb6 Qf6 40. Nd7 Qb2+
41. Kf3 Rd8 42. Ne5 Rf6 43. d4 Qa1 44. Kf2 Bxe5 45. Qxe5 h6 46. Qe1 Qb2+ 47. Qe2 Qb3 48. Kg2 a4 49. d5 a3 50. Qc2 Qe3
51. Re4 Qg5 52. Kh3 Rdf8 53. Qe2=
1/2-1/2